00334nam a2200097Ia 4500008004100000082001800041100002200059245006900081260006800150300001800218230907s9999||||xx |||||||||||||| ||und|| a621.3815bLEB aLeblebici, Duran. 0aFundamentals of high-frequency CMOS analog integrated circuits / aCambridge University Press,bCambridge, UK ; | New York :c2009 axiv, 302 p. :